| 000 | 01026cam a2200349 4500 | ||
|---|---|---|---|
| 001 | ABS65702 | ||
| 008 | 020729n2002 000 0 eng u | ||
| 035 | _a(Sirsi) u119091 | ||
| 245 | _aFocus 2002: Staffordshire | ||
| 260 | _c2002 | ||
| 490 |
_aEstates Gazette _v(0229) 20 July 2002, 99-119(11) |
||
| 590 | _aABS | ||
| 650 | _aSTAFFORDSHIRE | ||
| 650 | _aSTAFFORD | ||
| 650 | _aSTOKE | ||
| 650 | _aCANNOCK | ||
| 650 | _aUTTOXETER | ||
| 650 | _aTAMWORTH | ||
| 650 | _aLICHFIELD | ||
| 650 | _aNEWCASTLE-UNDER-LYME | ||
| 650 | _aEAST STAFFORDSHIRE | ||
| 650 | _aCALL CENTRES | ||
| 650 | _aDISTRIBUTION MARKET | ||
| 650 | _aINWARD INVESTMENT | ||
| 650 | _aSOUTH STAFFORDSHIRE | ||
| 650 | _aSTAFFORDSHIRE MOORLANDS | ||
| 650 | _aPROPERTY-COMMERCIAL PROPERTY-OFFICE PROPERTY-OFFICE PROPERTY MARKET | ||
| 650 | _aINDUSTRIAL MARKET | ||
| 650 | _aPROPERTY-COMMERCIAL PROPERTY-RETAIL PROPERTY-RETAIL PROPERTY MARKET | ||
| 690 | _aPROPERTY-COMMERCIAL PROPERTY-COMMERCIAL PROPERTY MARKET | ||
| 942 | _n0 | ||
| 999 |
_c70837 _d70837 |
||